Liderzy partii politycznych - Statystyki

Ogólne statystyki
  • Ten quiz został rozwiązany 139 razy
  • Średni wynik to 9 z 15
Statystyki odpowiedzi
Partia/ruch polityczny Lider % Poprawnych
Platforma Obywatelska Donald Tusk
100%
Prawo i Sprawiedliwość Jarosław Kaczyński
98%
Polska 2050 Szymon Hołownia
95%
Nowa Nadzieja Sławomir Mentzen
89%
Nowa Lewica Robert Biedroń/Włodzimierz Czarzasty
87%
Polskie Stronnictwo Ludowe Władysław Kosiniak-Kamysz
85%
Konfederacja Korony Polskiej Grzegorz Braun
75%
Partia Razem Aleksandra Owca/Adrian Zandberg
74%
Ruch Narodowy Krzysztof Bosak
63%
Federacja dla Rzeczypospolitej Marek Jakubiak
46%
Ruch Społeczny Agrounia Tak Michał Kołodziejczak
43%
Nowoczesna Adam Szłapka
21%
Kukiz'15 Jarosław Sachajko
20%
Zieloni Przemysław Słowik/Urszula Zielińska
17%
Polska Partia Socjalistyczna Wojciech Konieczny
6%
Nie znaleziono quizów pasujących do podanych kryteriów
Rozkład punktacji
Procent ludzi z każdym wynikiem
Percentyl według liczby udzielonych odpowiedzi
Twoja historia wyników
Nie rozwiązałeś tego quizu